| 000 | nam a22 7a 4500 | ||
|---|---|---|---|
| 999 |
_c329205 _d329205 |
||
| 003 | Nust | ||
| 005 | 20170426141201.0 | ||
| 008 | 170426b xxu||||| |||| 00| 0 eng d | ||
| 040 | _cdlc | ||
| 082 | _a629 NRC | ||
| 100 | _4NRC | ||
| 245 | _aTechnologies and Approaches to Reducing Fuel Consumption of Medium and Heavy Duty Vehicles (Report) | ||
| 942 |
_2ddc _cBK |
||